|
|
|
|
| LEADER |
00000cam a2200000 7i4500 |
| 001 |
0000318473 |
| 005 |
20250528122319.0 |
| 006 |
aa ###j ### 001 |
| 007 |
t |
| 008 |
240503s2023 enka j 0010 eng d |
| 020 |
|
|
|a 9780241567401
|
| 040 |
|
|
|a MBPJ
|b eng
|c MBPJ
|e rda
|
| 090 |
0 |
0 |
|a 635
|b GOS
|
| 100 |
1 |
|
|a Gosling, Livi ,
|e author
|
| 245 |
1 |
0 |
|a MY FIRST GARDEN :
|b For little gardeners who want to grow
|c LIVI GOSLING
|
| 264 |
|
1 |
|a London :
|b Dorling Kindersley Limited
|c 2023
|
| 300 |
|
|
|a 79 pages :
|b colour illustrations ;
|c 26 cm.
|
| 336 |
|
|
|a still image
|2 rdacontent
|
| 336 |
|
|
|a text
|2 rdacontent
|
| 337 |
|
|
|a unmediated
|2 rdamedia
|
| 338 |
|
|
|a volume
|2 rdacarrier
|
| 500 |
|
|
|a Includes index
|
| 650 |
|
0 |
|a Gardening
|v Juvenile literature
|
| 999 |
|
|
|a 00413813
|b BUKU
|c JUNIOR BOOKS
|e PERPUSTAKAAN KOMUNITI PETALING JAYA
|